[Event "Marianske Lazne op"]
[Site "Marianske Lazne"]
[Date "2008.01.19"]
[Round "1"]
[White "Kryukova, Irina"]
[Black "List, Andre"]
[Result "1-0"]
[WhiteElo "2249"]
[BlackElo "1935"]
[PlyCount "65"]
[EventDate "2008.01.19"]
[EventType "swiss"]
[EventRounds "9"]
[EventCountry "CZE"]
[SourceTitle "CBM 122 Extra"]
[Source "ChessBase"]
[SourceDate "2008.03.04"]
[SourceVersion "1"]
[SourceVersionDate "2008.03.04"]
[SourceQuality "1"]

1. e4 d6 2. d4 Nf6 3. Nc3 g6 4. Bg5 c6 5. Qd2 Nbd7 6. f4 Qa5 7. Nf3 h6 8. Bh4 Bg7 9. e5 dxe5 10. dxe5 Nd5 11. Nxd5 Qxd2+ 12. Kxd2 cxd5 13. Bb5 e6 14. Rad1 a6 15. Bxd7+ Bxd7 16. Kc1 Rc8 17. b3 Bf8 18. Kb2 Bb4 19. Be1 Be7 20. h3 g5 21. fxg5 hxg5 22. Bd2 f6 23. Rde1 Rg8 24. g4 Bc6 25. Kb1 f5 26. Nd4 Kf7 27. gxf5 exf5 28. Nxf5 Rg6 29. Rhf1 Ke8 30. Nd6+ Bxd6 31. exd6+ Kd7 32. Rf7+ Kd8 33. Ba5+ 1-0

[Event "Marianske Lazne op"]
[Site "Marianske Lazne"]
[Date "2006.01.27"]
[Round "8"]
[White "List, Andre"]
[Black "Cubas Pons, Juan Miguel"]
[Result "0-1"]
[WhiteElo "2072"]
[BlackElo "2233"]
[PlyCount "36"]
[EventDate "2006.01.21"]
[EventType "swiss"]
[EventRounds "9"]
[EventCountry "CZE"]
[SourceTitle "CBM 110 Extra"]
[Source "ChessBase"]
[SourceDate "2006.03.10"]
[SourceVersion "2"]
[SourceVersionDate "2006.03.10"]
[SourceQuality "1"]

1. d4 d5 2. c4 e6 3. Nc3 c6 4. e3 Nf6 5. Nf3 Nbd7 6. Qc2 Be7 7. Bd3 dxc4 8. Bxc4 b5 9. Bd3 Bb7 10. e4 b4 11. Nb1 c5 12. Nbd2 cxd4 13. Nxd4 0-0 14. f4 Rc8 15. Qb1 Nc5 16. e5 Qxd4 17. exf6 Nxd3+ 18. Ke2 Nxc1+ 0-1

[Event "Berlin Kreuzberg op 3th"]
[Site "Berlin"]
[Date "2002.07.10"]
[Round "5"]
[White "List, Andre"]
[Black "Kauschmann, Herbert"]
[Result "1-0"]
[WhiteElo "1704"]
[BlackElo "2158"]
[PlyCount "91"]
[EventDate "2002.07.06"]
[EventType "swiss"]
[EventRounds "9"]
[EventCountry "GER"]
[SourceTitle "EXT 2022"]
[Source "ChessBase"]
[SourceDate "2021.10.06"]
[SourceVersion "1"]
[SourceVersionDate "2021.10.06"]
[SourceQuality "1"]

1. d4 Nf6 2. c4 c5 3. d5 d6 4. Nc3 g6 5. e4 Bg7 6. Be2 0-0 7. Be3 e6 8. Nf3 exd5 9. exd5 Re8 10. 0-0 a6 11. h3 Nbd7 12. Bf4 Qc7 13. Re1 Nh5 14. Bh2 Bf8 15. Bf1 Rxe1 16. Qxe1 Ndf6 17. Qe3 Bd7 18. Re1 Re8 19. Qd2 Rxe1 20. Qxe1 Qb8 21. g4 Ng7 22. Nd2 h5 23. f3 b5 24. b3 b4 25. Nce4 Nge8 26. Kg2 Nxe4 27. Nxe4 hxg4 28. hxg4 Qd8 29. Bf4 Be7 30. Bd3 Bc8 31. Qh1 Nf6 32. Ng5 Bf8 33. Qh8+ Kxh8 34. Nxf7+ Kg7 35. Nxd8 Be7 36. Nc6 Bf8 37. Bg5 Bd7 38. Nb8 Bc8 39. Bc1 Ne8 40. Bb2+ Kf7 41. Kg3 Be7 42. Nc6 Bf6 43. Bxf6 Nxf6 44. Bxg6+ Kxg6 45. Ne7+ Kf7 46. Nxc8 1-0

[Event "Berlin Kreuzberg op 3th"]
[Site "Berlin"]
[Date "2002.07.07"]
[Round "2"]
[White "Kapr, Klaus"]
[Black "List, Andre"]
[Result "1/2-1/2"]
[WhiteElo "2081"]
[BlackElo "1704"]
[PlyCount "52"]
[EventDate "2002.07.06"]
[EventType "swiss"]
[EventRounds "9"]
[EventCountry "GER"]
[SourceTitle "EXT 2022"]
[Source "ChessBase"]
[SourceDate "2021.10.06"]
[SourceVersion "1"]
[SourceVersionDate "2021.10.06"]
[SourceQuality "1"]

1. e4 c6 2. d4 d5 3. e5 Bf5 4. Nf3 e6 5. Be2 Nd7 6. 0-0 c5 7. c3 Ne7 8. Na3 a6 9. b4 cxb4 10. cxb4 Nc6 11. b5 axb5 12. Nxb5 Be7 13. a4 0-0 14. Ba3 Nb4 15. Bxb4 Bxb4 16. Bd3 Bxd3 17. Qxd3 Nb6 18. Rfb1 Be7 19. Nc3 Qc7 20. Nd2 Rfc8 21. a5 Nc4 22. Nxc4 dxc4 23. Qe4 Rxa5 24. Rxa5 Qxa5 25. Qxb7 Qd8 26. g3 h6 1/2-1/2

[Event "Berlin Kreuzberg op 3th"]
[Site "Berlin"]
[Date "2002.07.06"]
[Round "1"]
[White "List, Andre"]
[Black "Guenther, Thomas"]
[Result "1/2-1/2"]
[WhiteElo "1704"]
[BlackElo "2106"]
[PlyCount "72"]
[EventDate "2002.07.06"]
[EventType "swiss"]
[EventRounds "9"]
[EventCountry "GER"]
[SourceTitle "EXT 2022"]
[Source "ChessBase"]
[SourceDate "2021.10.06"]
[SourceVersion "1"]
[SourceVersionDate "2021.10.06"]
[SourceQuality "1"]

1. d4 Nf6 2. Nf3 d5 3. c4 e6 4. Nc3 Be7 5. e3 Nbd7 6. Bd3 b6 7. 0-0 Bb7 8. Qe2 0-0 9. Rd1 c6 10. e4 dxe4 11. Nxe4 Qc7 12. Neg5 Bd6 13. Bxh7+ Nxh7 14. Nxh7 Kxh7 15. Ng5+ Kg6 16. Rd3 c5 17. Rh3 Rh8 18. Nxe6 fxe6 19. Qxe6+ Nf6 20. f4 Rxh3 21. Qxh3 cxd4 22. f5+ Kf7 23. Bg5 Be5 24. Re1 Rd8 25. Bxf6 Kxf6 26. Qh4+ Kf7 27. Qh5+ Kg8 28. f6 Bxh2+ 29. Kh1 Bxg2+ 30. Kxg2 Qg3+ 31. Kf1 Qg1+ 32. Ke2 Qe3+ 33. Kf1 Qf4+ 34. Kg2 Qg3+ 35. Kf1 Qf4+ 36. Kg2 Qg3+ 1/2-1/2